[Event "13th BPB Limburg Open 2019"]
[Site "Maastricht"]
[Date "2019.06.08"]
[Round "3.8"]
[White "De Jong, Tom"]
[Black "Monroy, Charles"]
[Result "0-1"]
[WhiteElo "2155"]
[BlackElo "2432"]
[Annotator "NA"]
[PlyCount "66"]
[EventDate "2019.06.07"]
[EventCountry "NED"]
[SourceTitle "playchess.com"]
[Source "ChessBase"]
[SourceQuality "1"]
[TimeControl "7200+15"]

1. e4 {[%emt 0:00:00]} e5 {[%emt 0:00:06]} 2. Nf3 {[%emt 0:00:01]} Nc6 {[%emt 0:00:04]} 3. Bb5 {[%emt 0:00:09]} a6 {[%emt 0:00:06]} 4. Ba4 {[%emt 0:00:07]} Nf6 {[%emt 0:00:11]} 5. O-O {[%emt 0:00:43]} Be7 {[%emt 0:00:25]} 6. d3 {[%emt 0:07:03]} b5 {[%emt 0:01:32]} 7. Bb3 {[%emt 0:00:03]} d6 {[%emt 0:01:41]} 8. a3 {[%emt 0:00:20]} O-O {[%emt 0:01:10]} 9. Nc3 {[%emt 0:00:25]} Bg4 {[%emt 0:15:38]} 10. Be3 {[%emt 0:00:36]} Nd4 {[%emt 0:12:13] C84: Closed Ruy Lopez: Unusual White 6th moves} 11. Bxd4 {[%emt 0:00:23]} exd4 {[%emt 0:00:04]} 12. Nd5 {[%emt 0:00:13]} c5 {[%emt 0:00:52]} (12... Nd7 13. h3 Bxf3 14. Qxf3 c6 15. Nf4 Nc5 16. Ba2 a5 17. Qg4 Kh8 18. Ne2 {1-0 (48) Caruana,F (2828)-Postny,E (2623) chess.com INT 2019}) 13. c3 {[%emt 0:12:05]} dxc3 {[%emt 0:18:08]} 14. bxc3 {[%emt 0:00:25]} Rc8 $146 {[%emt 0:01:24]} ({Predecessor:} 14... Re8 15. h3 Be6 16. Ne3 c4 17. dxc4 Nxe4 18. Bc2 {½-½ (53) Tan,J (2239)-Illingworth,M (2422) Nadi 2013}) 15. Re1 {[%emt 0:11:26]} c4 {[%emt 0:04:05]} 16. dxc4 {[%emt 0:03:55]} bxc4 {[%emt 0:00:23]} 17. Ba2 {[%emt 0:00:12]} Nxd5 {[%emt 0:01:00]} 18. Qxd5 {[%emt 0:02:28]} Bxf3 {[%emt 0:02:57]} 19. gxf3 {[%emt 0:00:03]} Rc5 {[%emt 0:00:10]} 20. Qb7 {[%emt 0:07:35]} Bf6 {[%emt 0:06:55]} 21. Red1 {[%emt 0:02:57]} Be5 {[%emt 0:12:29]} 22. Rd5 {[%emt 0:05:57]} Qh4 {[%emt 0:01:01]} 23. Kf1 {[%emt 0:03:22]} Rcc8 {[%emt 0:00:36]} 24. Rb1 {[%emt 0:02:37]} f5 {[%emt 0:01:15]} 25. Bxc4 {[%emt 0:04:51]} Qh3+ $17 {[%emt 0:08:38] Double Attack} ({And not} 25... Rxc4 {[#]} 26. Rxe5 $1 {[%mdl 512]} Qh3+ {[%mdl 64] Double Attack} 27. Ke2 $11) 26. Ke2 {[%emt 0:16:25]} Kh8 {[%emt 0:05:24]} 27. Bd3 {[%emt 0:00:49]} Rxc3 {[%emt 0:04:14]} 28. exf5 {[%emt 0:12:42]} Re8 {[%emt 0:03:37]} 29. Qf7 {[%emt 0:02:40]} Rcc8 {[%emt 0:00:18]} 30. Rb7 {[%emt 0:02:47]} Bf6+ {[%emt 0:05:12]} 31. Be4 {[%emt 0:01:16]} Rxe4+ {[%emt 0:02:21]} 32. fxe4 {[%emt 0:00:42]} Qg4+ {[%emt 0:00:10]} 33. Kd2 {[%emt 0:09:22]} Bg5+ {[%emt 0:00:52]} 0-1

[Event "13th BPB Limburg Open 2019"]
[Site "Maastricht"]
[Date "2019.06.08"]
[Round "3.9"]
[White "Leenhouts, Koen"]
[Black "Elgersma, Onno"]
[Result "1/2-1/2"]
[WhiteElo "2432"]
[BlackElo "2173"]
[Annotator "NA"]
[PlyCount "70"]
[EventDate "2019.06.07"]
[EventCountry "NED"]
[SourceTitle "playchess.com"]
[Source "ChessBase"]
[SourceQuality "1"]
[TimeControl "7200+15"]

1. d4 {[%emt 0:03:58]} Nf6 {[%emt 0:00:58]} 2. c4 {[%emt 0:00:44]} e6 {[%emt 0:00:07]} 3. Nc3 {[%emt 0:00:12]} Bb4 {[%emt 0:00:26]} 4. Qc2 {[%emt 0:00:11]} O-O {[%emt 0:00:28]} 5. Nf3 {[%emt 0:01:02]} c5 {[%emt 0:01:09]} 6. dxc5 {[%emt 0:00:12]} Na6 {[%emt 0:00:35]} 7. g3 {[%emt 0:00:12]} Nxc5 {[%emt 0:00:28]} 8. Bg2 {[%emt 0:00:09]} b6 {[%emt 0:01:21]} 9. O-O {[%emt 0:00:26] E39: Nimzo-Indian: Classical: 4...c5 5 dxc5 0-0} Bb7 {[%emt 0:00:14]} 10. Nb5 {[%emt 0:00:25]} Be4 {[%emt 0:00:17]} 11. Qd1 {[%emt 0:00:20]} Nb7 {[%emt 0:03:07]} 12. Bf4 {[%emt 0:01:45]} Rc8 {[%emt 0:11:15]} (12... a6 13. Nd6 Nxd6 14. Bxd6 Bxd6 15. Qxd6 Qc8 16. Rac1 Qb7 {0-1 (41) Lenic,L (2656)-Iturrizaga Bonelli,E (2636) chess.com INT 2018}) 13. Rc1 {[%emt 0:07:22]} a6 {[%emt 0:02:32]} 14. Nc3 $146 {[%emt 0:00:23]} ({Predecessor:} 14. Nd6 Nxd6 15. Bxd6 Bxd6 16. Qxd6 Rc6 {½-½ (40) Omar,N (2353)-Debashis,D (2539) Abu Dhabi 2018}) 14... Bxc3 {[%emt 0:03:20]} 15. Rxc3 {[%emt 0:00:13]} d5 {[%emt 0:01:09]} 16. Qc1 {[%emt 0:20:08]} d4 {[%emt 0:13:31]} 17. Ra3 {[%emt 0:00:15]} b5 {[%emt 0:01:11]} 18. Be5 {[%emt 0:04:54]} Rxc4 {[%emt 0:06:46]} 19. Qg5 {[%emt 0:05:18]} h6 {[%emt 0:14:43]} 20. Bxf6 {[%emt 0:06:04]} hxg5 {[%emt 0:11:45]} 21. Bxd8 {[%emt 0:00:08]} Rxd8 {[%emt 0:00:03]} 22. Rxa6 {[%emt 0:07:07]} Rc2 {[%emt 0:06:54]} 23. Nxg5 {[%emt 0:01:09]} Bxg2 {[%emt 0:00:18]} 24. Kxg2 {[%emt 0:00:09]} Rxe2 {[%emt 0:01:46]} 25. Rd1 {[%emt 0:05:27]} e5 {[%emt 0:08:23]} 26. b3 $17 {[%emt 0:05:16]} (26. Rc1 $1 $11 {remains equal.} Rf8 27. Rb6) 26... g6 {[%emt 0:04:37]} 27. Kf1 {[%emt 0:04:34]} Rc2 {[%emt 0:02:03]} 28. Ne4 {[%emt 0:00:21]} Rdc8 {[%emt 0:05:39]} 29. Ra7 {[%emt 0:03:22]} Nc5 {[%emt 0:07:02]} 30. Nd6 {[%emt 0:00:57]} Rc6 {[%emt 0:00:42]} 31. Nxf7 {[%emt 0:01:21]} Ne4 {[%emt 0:00:54]} 32. Nxe5 {[%emt 0:07:03]} Rxf2+ {[%emt 0:00:13]} 33. Kg1 {[%emt 0:00:07]} Rcc2 {[%emt 0:00:23]} 34. Ra8+ {[%emt 0:00:28]} Kg7 {[%emt 0:00:29]} 35. Ra7+ {[%emt 0:00:06]} Kg8 {[%emt 0:01:03]} 1/2-1/2

[Event "13th BPB Limburg Open 2019"]
[Site "Maastricht"]
[Date "2019.06.08"]
[Round "3.11"]
[White "Decoster, Frederic"]
[Black "Blom, Vincent"]
[Result "1/2-1/2"]
[WhiteElo "2293"]
[BlackElo "2291"]
[Annotator "ChessBase"]
[PlyCount "76"]
[EventDate "2019.06.07"]
[EventCountry "NED"]
[SourceTitle "playchess.com"]
[Source "ChessBase"]
[SourceQuality "1"]
[TimeControl "7200+15"]

1. e4 {[%emt 0:00:00]} c5 {[%emt 0:02:44]} 2. Nf3 {[%emt 0:00:09]} Nc6 {[%emt 0:00:06]} 3. d4 {[%emt 0:00:20]} cxd4 {[%emt 0:00:06]} 4. Nxd4 {[%emt 0:00:16]} e5 {[%emt 0:00:06]} 5. Nb5 {[%emt 0:00:21]} a6 {[%emt 0:00:23]} 6. Nd6+ {[%emt 0:00:55]} Bxd6 {[%emt 0:00:05]} 7. Qxd6 {[%emt 0:00:07]} Qf6 {[%emt 0:01:01]} 8. Qxf6 {[%emt 0:02:06]} Nxf6 {[%emt 0:00:06]} 9. Nc3 {[%emt 0:02:25]} Nb4 {[%emt 0:03:52]} 10. Bd3 {[%emt 0:03:32]} h6 {[%emt 0:09:31]} 11. f4 {[%emt 0:09:28]} d6 {[%emt 0:10:10]} 12. O-O {[%emt 0:09:41]} Nxd3 {[%emt 0:16:37]} 13. cxd3 {[%emt 0:01:09]} Bd7 {[%emt 0:00:18]} 14. Be3 {[%emt 0:04:11]} Bc6 {[%emt 0:11:22]} 15. a4 {[%emt 0:09:00]} Ke7 {[%emt 0:17:25]} 16. h3 {[%emt 0:11:25]} b5 {[%emt 0:20:39]} 17. a5 {[%emt 0:15:40]} Rac8 {[%emt 0:05:47]} 18. b4 {[%emt 0:09:19]} Bb7 {[%emt 0:04:55]} 19. Rac1 {[%emt 0:06:24]} exf4 {[%emt 0:07:18]} 20. Bxf4 {[%emt 0:03:13]} d5 {[%emt 0:06:10]} 21. e5 {[%emt 0:01:13]} Nd7 {[%emt 0:00:37]} 22. Ne2 {[%emt 0:07:21]} Rxc1 {[%emt 0:00:45]} 23. Rxc1 {[%emt 0:00:07]} Rc8 {[%emt 0:00:11]} 24. Rxc8 {[%emt 0:03:33]} Bxc8 {[%emt 0:00:02]} 25. Nd4 {[%emt 0:01:48]} Nf8 {[%emt 0:00:17]} 26. Kf2 {[%emt 0:00:51]} Bd7 {[%emt 0:02:03]} 27. Ke3 {[%emt 0:00:47]} h5 {[%emt 0:00:31]} 28. Ne2 {[%emt 0:05:24]} Ne6 {[%emt 0:00:12]} 29. d4 {[%emt 0:02:22]} g6 {[%emt 0:00:33]} 30. Bg3 {[%emt 0:02:27]} Ke8 {[%emt 0:00:14]} 31. Bh4 {[%emt 0:01:19]} Ng7 {[%emt 0:00:38]} 32. Bf6 {[%emt 0:01:19]} Ne6 {[%emt 0:00:01]} 33. Nc3 {[%emt 0:02:00]} Bc6 {[%emt 0:00:01]} 34. Nd1 {[%emt 0:00:18]} Bd7 {[%emt 0:00:11]} 35. Nf2 {[%emt 0:00:12]} Bc8 {[%emt 0:00:25]} 36. g4 {[%emt 0:00:11]} hxg4 {[%emt 0:00:08]} 37. Nxg4 {[%emt 0:00:08]} Nc7 {[%emt 0:00:37]} 38. Nf2 {[%emt 0:00:51]} Bf5 {[%emt 0:00:05] Ke4} 1/2-1/2

[Event "13th BPB Limburg Open 2019"]
[Site "Maastricht"]
[Date "2019.06.09"]
[Round "4.1"]
[White "Van Wely, Loek"]
[Black "Nasuta, Grzegorz"]
[Result "1/2-1/2"]
[WhiteElo "2604"]
[BlackElo "2518"]
[Annotator "TA"]
[PlyCount "56"]
[EventDate "2019.06.07"]
[EventCountry "NED"]
[SourceTitle "playchess.com"]
[Source "ChessBase"]
[SourceQuality "1"]

{[%evp 15,56,-2,7,0,0,0,0,0,0,0,10,0,0,0,0,0,-4,0,0,-44,-41,-60,-60,-56,-54,-60,-59,-59,-57,-57,-57,-52,-54,-98,-97,-95,-99,-91,0,0,0,0,0]} 1. d4 Nf6 2. c4 g6 3. g3 c6 4. Nf3 Bg7 5. Bg2 d5 6. O-O O-O 7. Qb3 Qb6 8. Nc3 Rd8 9. Na4 {D78: Fianchetto Grünfeld: 6 0-0 c6} Qxb3 10. axb3 {[#] Hoping for Nb6!} Na6 11. Bf4 (11. Nc3 Nc7 12. Bf4 Nfe8 13. Rfc1 Ne6 14. cxd5 Nxf4 15. gxf4 cxd5 16. Ne5 e6 {½-½ (40) Wojtaszek,R (2724)-Nepomniachtchi,I (2773) Moscow 2019}) 11... Bf5 12. Rfc1 Be4 13. Nc3 {[#]} Bxf3 $146 ({Predecessor:} 13... c5 14. Be5 cxd4 15. Bxd4 e6 16. Ra4 Nd7 17. Bxg7 Kxg7 18. cxd5 Bxd5 19. Nxd5 exd5 {½-½ (35) Zhao,X (2503)-Danin,A (2584) Teplice 2016}) 14. Bxf3 dxc4 15. Bxc6 bxc6 16. Rxa6 cxb3 17. e3 c5 $1 18. Be5 cxd4 19. Bxd4 Ng4 20. Nb5 Rac8 21. Rxc8 Rxc8 22. h3 $1 {[%cal Rh3g4]} Ne5 23. Rxa7 Nd3 24. Rxe7 Nxb2 25. Bxb2 Bxb2 26. Rb7 Bf6 (26... Ba1 $17 {And now ...b2 would win.} 27. Kg2 b2) 27. Nd4 $11 Bxd4 28. exd4 Rd8 {Accuracy: White = 77%, Black = 67%.} 1/2-1/2

[Event "13th BPB Limburg Open 2019"]
[Site "Maastricht"]
[Date "2019.06.09"]
[Round "4.2"]
[White "Ernst, Sipke"]
[Black "Bok, Benjamin"]
[Result "0-1"]
[WhiteElo "2541"]
[BlackElo "2638"]
[Annotator "TA"]
[PlyCount "54"]
[EventDate "2019.06.07"]
[EventCountry "NED"]
[SourceTitle "playchess.com"]
[Source "ChessBase"]
[SourceQuality "1"]

{[%evp 16,54,13,18,19,0,0,0,0,0,0,0,0,-10,0,0,0,-4,0,-18,-16,-31,-18,-53,-57,-68,-67,-85,-50,-116,-112,-102,-101,-94,-78,-145,-151,-158,-164,-163,-106]} 1. Nf3 d5 2. d4 Nf6 3. c4 e6 4. Nc3 c6 5. Bg5 h6 6. Bxf6 Qxf6 7. Qb3 dxc4 8. Qxc4 Nd7 9. e3 g6 {D43: Semi-Slav: 5 Bg5 h6} (9... Qe7 10. Be2 g6 11. Ne5 Bg7 12. f4 O-O 13. Ne4 Nb6 14. Qb3 Nd5 15. O-O Qb4 16. Qxb4 Nxb4 17. Rfc1 {½-½ (50) Aronian,L (2805)-Fedoseev,V (2718) Riadh 2017}) 10. Bd3 Bg7 11. O-O Qe7 $146 {The position is equal.} ({Predecessor:} 11... O-O 12. Qb4 a5 13. Qa3 Re8 14. Rfd1 e5 15. d5 Bf8 {½-½ (28) Ludevid Masana,J-Sanchez Huerga,A (2263) ICCF email 2014}) 12. Rfd1 O-O 13. Be4 Rd8 14. Rac1 Nb6 {[%cal Bd7b6,Bb6d5,Bd5f6,Bf6e8][%mdl 32]} 15. Qb3 Bd7 16. Ne2 Be8 17. Bb1 Rac8 18. Rc5 Nd5 19. Rdc1 b6 $36 {[%mdl 2048] Black fights for an advantage.} 20. R5c4 c5 21. a3 Rc7 22. Be4 (22. e4 $15 Nf6 23. Bd3) 22... Nf6 $17 23. Bd3 Bc6 $1 24. R4c2 Bd5 25. Qb5 {[#]} (25. Qa4 $142) 25... Ne8 $1 {Black is clearly better.} 26. dxc5 bxc5 {White must now prevent ...c4!} 27. Nf4 {[#]} ({Don't go for} 27. Rxc5 $2 Rxc5 28. Qxc5 Qxc5 $19) 27... Bxf3 {Accuracy: White = 52%, Black = 78%.} (27... a6 $1 $19 {[%mdl 512]} 28. Qxa6 Bb7) 0-1

[Event "13th BPB Limburg Open 2019"]
[Site "Maastricht"]
[Date "2019.06.09"]
[Round "4.4"]
[White "Gramb, Marius"]
[Black "Van Foreest, Jorden"]
[Result "0-1"]
[WhiteElo "2148"]
[BlackElo "2610"]
[Annotator "TA"]
[PlyCount "96"]
[EventDate "2019.06.07"]
[EventCountry "NED"]
[SourceTitle "playchess.com"]
[Source "ChessBase"]
[SourceQuality "1"]

{[%evp 9,96,45,63,35,31,36,12,25,25,12,13,21,26,32,27,25,47,0,0,-8,77,72,77,62,60,56,49,54,61,47,62,59,80,-26,0,-25,-21,-16,0,-22,-29,-29,-33,-36,-29,-24,-9,-25,-10,-16,0,0,0,-29,-11,-52,-46,-62,-59,-60,-6,-100,-123,-130,-130,-132,-132,-168,-156,-162,-162,-143,-154,-187,-195,-178,-124,-85,-17,-238,-209,-237,-235,-196,-204,-952,-960,-869,-854]} 1. d4 g6 2. e4 Bg7 3. Nc3 d6 4. f4 a6 5. Nf3 Nd7 6. e5 {B06: Modern Defence} (6. Be3 b5 7. Bd3 b4 8. Ne2 c5 9. c3 bxc3 10. bxc3 Ngf6 11. O-O O-O 12. Rb1 Qa5 13. Kh1 Qc7 14. Ng3 {1-0 (55) Kravtsiv,M (2621)-Tkachiev,V (2658) Bastia 2015}) 6... Nh6 7. Be3 O-O 8. Qd2 {The position is equal.} b5 $146 ({Predecessor:} 8... c5 9. O-O-O Nf5 10. g4 Nxd4 11. Nxd4 cxd4 12. Bxd4 dxe5 13. Bxe5 Bxe5 14. fxe5 {½-½ (21) Simacek,P (2453)-Vokac,M (2441) Havlickuv Brod 2005}) 9. Bd3 c5 10. Be4 Rb8 11. dxc5 Nxc5 12. Bxc5 dxc5 13. Rd1 Qxd2+ 14. Rxd2 f5 {[#]} (14... f6 $11) 15. Bc6 $1 $16 e6 16. Ke2 Nf7 17. h4 h6 18. Rhd1 g5 19. g3 $1 ({Much weaker is} 19. fxg5 hxg5 20. hxg5 Nxe5 $15) 19... Rb6 20. Bd7 Bb7 21. Rd3 (21. Ke3 $16) 21... g4 $36 {[%mdl 2048] Black has good play.} 22. Ne1 c4 23. Re3 Bc8 24. Kf2 Rb7 25. Bxc8 Rxc8 26. Re2 Bf8 27. Red2 Bc5+ 28. Ke2 Kf8 29. Rd7 Rcc7 (29... Rbb8 {looks sharper.} 30. Nb1 Rd8 31. R7d2 Rxd2+ 32. Nxd2 Nd8) 30. Rxc7 Rxc7 31. a3 Ke8 32. Nb1 Nd8 33. b4 cxb3 34. cxb3 Bf8 (34... Nc6 $15) 35. Kd2 (35. b4 $11 {remains equal.}) 35... b4 $17 36. Nc2 a5 {[%cal Ba6a5,Ba5b4][%mdl 32]} 37. axb4 axb4 38. Ne3 Nc6 39. Ke2 Bc5 40. Nc2 Ra7 {Threatens to win with ...Ra2.} 41. Nd2 Ra2 42. Kd3 {[#]} Bf2 (42... Rb2 $1 $19 43. Rf1 Na5) 43. Nf1 Rb2 ({Black should try} 43... h5 $17) 44. Na1 $2 (44. Nxb4 $1 $11 {and White is okay.} Nxb4+ 45. Kc3 {[%mdl 64] Double Attack} Bxg3 46. Nxg3) 44... Na5 45. Rd2 Rb1 ({But not} 45... Rxd2+ 46. Kxd2 Bd4 47. Nc2) 46. Rxf2 {Strongly threatening Ra2.} Rxa1 47. Kd4 $2 (47. Ne3) 47... Nxb3+ $19 48. Kc4 {[#]} Rxf1 $1 {[%mdl 512] Accuracy: White = 43%, Black = 67%.} 0-1

[Event "13th BPB Limburg Open 2019"]
[Site "Maastricht"]
[Date "2019.06.09"]
[Round "4.6"]
[White "Elgersma, Onno"]
[Black "Van Foreest, Lucas"]
[Result "0-1"]
[WhiteElo "2173"]
[BlackElo "2522"]
[Annotator "TA"]
[PlyCount "70"]
[EventDate "2019.06.07"]
[EventCountry "NED"]
[SourceTitle "playchess.com"]
[Source "ChessBase"]
[SourceQuality "1"]

{[%evp 14,70,28,20,22,0,0,0,14,0,0,-20,-10,-18,-16,-35,-11,-41,-29,-29,0,-47,-41,-49,-44,-95,-30,-108,-95,-89,-93,-56,-18,-25,-18,-18,-19,-249,-258,-249,-247,-430,-399,-765,-780,-780,-748,-706,-698,-721,-509,-509,-459,-884,-641,-836,-779,-707,-673]} 1. e4 c5 2. Nf3 e6 3. d4 cxd4 4. Nxd4 Nc6 5. Nc3 Qc7 6. g3 a6 7. Bg2 Nf6 8. O-O h5 {B47: Sicilian: Taimanov: 5 Nc3 Qc7 6 f4, 6 g3 and 6 Be2} (8... Be7 9. Re1 O-O 10. Nxc6 dxc6 11. e5 Rd8 12. Qf3 Nd5 13. h4 Bd7 14. Bg5 Bxg5 15. hxg5 Nxc3 16. Qxc3 Be8 17. Rad1 a5 18. a3 Rab8 19. Qc5 b6 20. Qe3 c5 {1-0 (60) Wang,H (2726)-Andreikin,D (2721) China 2019}) 9. Nxc6 (9. Nf3 {with more complications.} Ng4 10. a3 Be7 11. Qe2 d6 12. Rd1) 9... dxc6 10. Qe2 e5 {The position is equal.} 11. h3 Be6 12. a4 $146 ({Predecessor:} 12. Be3 b5 13. b3 Bb4 14. Nd1 Ba3 15. f4 Rd8 16. f5 {½-½ (61) Tschann,S (2217)-Budisin,S Germany 2002}) 12... a5 13. Nd1 Bc5 14. Ne3 g6 15. c3 h4 16. g4 $1 Kf8 17. Bd2 Kg7 18. Kh1 Rhd8 19. f4 (19. Bc1 $15) 19... exf4 {[#]} (19... Rxd2 $17 20. Qxd2 Rd8) 20. Rxf4 (20. Nf5+ $1 $11 {[%mdl 512] keeps the balance.} Bxf5 (20... gxf5 21. Bxf4) 21. Bxf4) 20... Rxd2 $17 21. Qxd2 Rd8 (21... Qxf4 $2 {[#] perishes.} 22. Nf5+ $1 {[%mdl 512]} Qxf5 23. gxf5 $18) 22. Qf2 Qe5 23. Rf1 {[%cal Rf4f6]} Bxe3 24. Qxe3 Nd5 $1 $36 {[%cal Rd5e3][%mdl 2112] Double Attack, Pin. White is under pressure.} 25. Qd2 $2 ({Don't go for} 25. Qc5 $2 b6 $19) (25. Rxf7+ $1 $11 {and White has nothing to worry.} Bxf7 26. Qd2 {[%mdl 64] Pin}) 25... Nxf4 $19 26. Qxd8 {Threatens to win with Qd4.} Nxg2 27. Qd2 $2 (27. Qd4 {is a better defense.} Qxd4 28. cxd4) 27... Bc4 28. Qxg2 $2 (28. Rd1 Nf4 29. Qd4 Qxd4 30. Rxd4) 28... Bxf1 {Black is clearly winning.} 29. Qxf1 Qxe4+ {[%mdl 4160] Endgame Double Attack. KQ-KQ} 30. Kg1 Qxa4 31. Qf2 Qd1+ 32. Kg2 a4 33. Kh2 (33. Qxh4 $142 Qd5+ 34. Kg1) 33... Qd6+ 34. Kh1 {[#]} Qg3 $1 35. Qf1 b5 {Accuracy: White = 15%, Black = 58%.} 0-1

[Event "13th BPB Limburg Open 2019"]
[Site "Maastricht"]
[Date "2019.06.09"]
[Round "4.7"]
[White "Monroy, Charles"]
[Black "Beerdsen, Thomas"]
[Result "1/2-1/2"]
[WhiteElo "2432"]
[BlackElo "2488"]
[Annotator "TA"]
[PlyCount "93"]
[EventDate "2019.06.07"]
[EventCountry "NED"]
[SourceTitle "playchess.com"]
[Source "ChessBase"]
[SourceQuality "1"]

{[%evp 13,93,21,20,24,49,24,37,35,175,181,137,94,162,152,232,204,223,233,214,174,321,321,304,173,185,183,173,87,87,92,85,79,79,87,79,93,95,86,86,75,82,75,81,82,83,70,86,87,81,22,82,75,106,63,68,62,75,9,12,-42,-43,-102,-112,-106,-112,-110,-36,-32,-10,-11,-6,-6,0,0,0,0,0,0,0,0,0,0]} 1. e4 c5 2. c3 Nf6 3. e5 Nd5 4. Nf3 Nc6 5. Bc4 Nb6 6. Bb3 d5 7. exd6 Qxd6 8. O-O $146 {B22: Sicilian: 2 c3} (8. Na3 a6 9. O-O Bf5 10. d4 cxd4 11. Nxd4 Nxd4 12. cxd4 e6 13. Qf3 Qd7 14. Qg3 Bg6 15. Bf4 Bxa3 16. bxa3 O-O 17. Rac1 Rac8 18. h4 Nd5 19. Bd6 Nc3 20. Rce1 {0-1 (38) Mamedov,R (2699)-Navara,D (2740) Porto Carras 2018}) ({Predecessor:} 8. Na3 Bf5 9. d4 cxd4 10. Nb5 Qd7 11. Nbxd4 Nxd4 12. Nxd4 Be4 13. O-O {1-0 (15) Sveshnikov,E (2508)-Haugli,P (2362) Riga 2004}) 8... Bf5 9. d4 e6 10. Na3 {White is slightly better.} cxd4 (10... Qd7 $14) 11. Nb5 $18 Qd7 12. Nfxd4 Nxd4 (12... a6 $16) 13. Nxd4 Be4 (13... Be7 $16 {was called for.}) 14. Qe2 Bd5 15. Rd1 $1 Rc8 16. Bxd5 Nxd5 (16... Qxd5 $142 17. b3 Be7) 17. c4 $1 Nf6 18. b3 (18. Nb5 $142 Qc6 19. Nxa7 Qxc4 20. Qf3) 18... b6 19. Qf3 Bc5 {[#]} 20. Nf5 (20. Bb2 $1 $18 {Nf5 is the strong threat.} Qc7 21. Nb5) 20... Qc6 $16 {And now ...Qxf3 would win.} 21. Nxg7+ Ke7 22. Qxc6 Rxc6 23. Bg5 {aiming for Nh5.} Rg8 24. Bxf6+ $1 Kxf6 25. Nh5+ Ke7 26. Rd3 Rd6 27. Rxd6 Bxd6 {[%mdl 4096] Endgame KRB-KRN} 28. Rd1 a6 29. Ng3 Be5 30. Kf1 b5 31. Re1 (31. Rc1 $16) 31... f6 (31... Bxg3 $1 $11 32. fxg3 (32. hxg3 bxc4 33. bxc4 Rb8 $11) 32... bxc4) 32. Re4 Rd8 33. cxb5 axb5 34. Ke2 Bc3 35. Nf1 (35. Kf3 $16) 35... b4 $11 36. Rc4 (36. Kf3 $11) 36... Ra8 $15 37. Rc7+ (37. Ne3 $15 Rxa2+ 38. Kf3) 37... Kd6 $17 38. Rxh7 Rxa2+ 39. Kd3 {[#]} Rxf2 ({Black should try} 39... f5 $1 $17 40. Ng3 Rd2+ 41. Ke3 Rb2) 40. Ne3 $15 Rd2+ 41. Ke4 $1 {Threatens to win with Nc4+.The position is equal.} f5+ 42. Kf3 $132 {[%mdl 2048] Black must now prevent Nc4+. White puts up resistance} Ra2 43. Nc4+ Kc6 44. Re7 Kd5 45. Rd7+ Kc5 46. Rc7+ Kd5 47. Rd7+ {Accuracy: White = 58%, Black = 47%.} 1/2-1/2

[Event "13th BPB Limburg Open 2019"]
[Site "Maastricht"]
[Date "2019.06.09"]
[Round "4.8"]
[White "Harff, Marcel"]
[Black "Haast, Mark"]
[Result "1/2-1/2"]
[WhiteElo "2372"]
[BlackElo "2392"]
[Annotator "TA"]
[PlyCount "25"]
[EventDate "2019.06.07"]
[EventCountry "NED"]
[SourceTitle "playchess.com"]
[Source "ChessBase"]
[SourceQuality "1"]

{[%evp 15,25,-5,23,23,32,38,42,28,37,44,36,30]} 1. c4 Nf6 2. g3 e6 3. b3 d5 4. Bb2 Be7 5. Nf3 O-O 6. Bg2 c5 7. e3 Nc6 8. O-O Re8 9. d4 {A14: English Opening: 1...e6 with b3 by White} (9. Ne5 Nxe5 10. Bxe5 Bd7 11. d3 Bc6 12. Nd2 Nd7 13. Bb2 Bf6 14. Bxf6 Qxf6 15. Rc1 Rad8 16. cxd5 exd5 {0-1 (41) Jumabayev,R (2607)-Zvjaginsev,V (2662) Moscow 2016}) 9... cxd4 10. Nxd4 Nxd4 $146 ({Predecessor:} 10... Bd7 11. cxd5 Nxd5 12. e4 Nf6 13. e5 Nxe5 14. Bxb7 Rb8 15. Bg2 Qa5 16. Nd2 Rec8 {1-0 (42) Martins,D (2402)-Karthik,V (2305) Bhubaneswar 2016}) 11. Qxd4 dxc4 12. Qxc4 Bd7 13. Rd1 1/2-1/2

[Event "13th BPB Limburg Open 2019"]
[Site "Maastricht"]
[Date "2019.06.09"]
[Round "4.9"]
[White "Pieper, Dawid"]
[Black "Dambacher, Martijn"]
[Result "0-1"]
[WhiteElo "2175"]
[BlackElo "2511"]
[Annotator "TA"]
[PlyCount "85"]
[EventDate "2019.06.07"]
[EventCountry "NED"]
[SourceTitle "playchess.com"]
[Source "ChessBase"]
[SourceQuality "1"]

{[%evp 13,85,8,6,6,15,16,16,0,0,-40,0,0,0,0,0,0,0,-29,-20,-29,0,-10,-17,-89,-75,-69,-64,-84,-79,-100,-67,-77,-69,-272,-94,-127,0,-276,-282,-481,-184,-184,-184,-184,-184,-184,-184,-184,-184,-313,-316,-316,-312,-290,-277,-286,-286,-385,-381,-350,-334,-498,-494,-483,-484,-471,-472,-525,-542,-543,-534,-622,-580,-683]} 1. e4 c5 2. Nf3 d6 3. Bb5+ Nd7 4. d4 cxd4 5. Qxd4 a6 6. Bxd7+ Bxd7 7. Nc3 e5 8. Qd3 {B51: Sicilian: Moscow Variation (3 Bb5+) without 3...Bd7} h6 (8... Rc8 9. O-O h6 10. Nd2 Be6 11. Rd1 Nf6 12. Nf1 Bc4 13. Qf3 Bxf1 14. Kxf1 Be7 15. Qd3 Rc6 {½-½ (30) Ni,H (2674)-Fedoseev,V (2702) China 2019}) 9. Be3 Nf6 10. a4 {The position is equal.} Be6 11. a5 Be7 12. O-O Rc8 13. Rfd1 O-O 14. Bb6 Qd7 15. h3 Qc6 16. Nh2 $146 ({Predecessor:} 16. Rac1 Nd7 17. Be3 Nc5 18. Bxc5 Qxc5 {0-1 (84) Jaracz,B (2281)-Zawadzka,J (2358) Warsaw 2012}) 16... Nd7 17. Be3 f5 18. f3 (18. exf5 $11 {remains equal.} Bxf5 19. Qd5+ Rf7 20. Qd2) 18... fxe4 19. Qxe4 Nf6 20. Qg6 Bf7 $36 {[%mdl 2048] Black has strong initiative.} 21. Qg3 Nh5 22. Qg4 Kh7 23. Ra4 $2 {[#]} (23. Qe4+ $15 Qxe4 24. fxe4) 23... Nf6 $2 (23... d5 $1 $19 {[%cal Rd5d4] Threatens to win with ...d4.} 24. Nxd5 Bxd5 25. Qxh5 Qxa4 26. Rxd5 Rxc2 27. Qxe5 Bf6 28. Qf5+ Kh8) 24. Qg3 $17 Nh5 (24... Be6 $17 25. Raa1 g5) 25. Qg4 $19 {[#]} d5 $1 {[%cal Rd5d4]} 26. Qf5+ $2 (26. Nxd5 Bxd5 27. Qxh5) 26... Bg6 $2 (26... g6 27. Qd3 d4 28. Bxd4 exd4 29. Rxd4 Bc5) 27. Qxe5 Bf6 28. Qxd5 Bxc3 29. Qxc6 Rxc6 30. bxc3 Bxc2 {[%mdl 64] Double Attack} 31. Rda1 (31. Rh4 {is a better defense.} Bxd1 32. Rxh5) 31... Bxa4 ({Stronger than} 31... Rxc3 32. R4a3 $11) 32. Rxa4 Rxc3 33. Ng4 Nf6 {Hoping for ...Nxg4.} 34. Bd4 Rc1+ 35. Kf2 Ne4+ 36. Ke3 Nc3 37. Ra3 (37. Kd2 $142 Nxa4 38. Kxc1) 37... Nb5 {Black is clearly winning.} 38. Rd3 Nxd4 39. Rxd4 Rc2 40. Rd7 Rxg2 41. Rxb7 Ra2 42. f4 Rxa5 43. Kd4 {Accuracy: White = 36%, Black = 64%.} 0-1